000 00507nam a22001817a 4500
999 _c15745
_d15745
003 AR-CdUCM
008 190429b ||||| |||| 00| 0 spa d
040 _aMUNICIPALIDAD PROVINCIAL DEL CUSCO
_cBIBLIOTECA MUNICIPAL DEL CUSCO
082 _aC / 869.56 /
_bG68
100 _aGomez, Libio
_934946
245 _aLa violencia y el camino /
260 _aTacna :
_bIn Terris,
_c1976.
300 _atriptico
_c22 cm.
505 _aPoesía.
650 _aPoesía.
_9139
942 _2ddc
_cFOLLETOS
945 _awfj